Biggest UK cities by letter - Statistics

General Stats
  • This quiz has been taken 103 times
  • The average score is 14 of 25
Answer Stats
Letter Population City % Correct
B 1,144,919 Birmingham
99%
M 395,515 Manchester
94%
L 8,961,989 London
93%
A 198,590 Aberdeen
89%
E 506,520 Edinburgh
88%
G 626,410 Glasgow
88%
C 447,287 Cardiff
87%
N 729,977 Nottingham
80%
S 556,500 Sheffield
76%
Y 156,135 York
70%
D 270,468 Derby
69%
K 314,018 Kingston upon Hull
64%
W 263,700 Wolverhampton
63%
I 178,835 Ipswich
62%
R 318,014 Reading
51%
P 313,332 Preston
46%
H 149,017 Huddersfield
40%
O 237,110 Oldham
33%
T 155,570 Telford
26%
J 27,000 Jarrow
23%
F 66,429 Folkestone
6%
Q 10,400 Queensferry
6%
Z 658 Zeals
6%
U 41,198 Urmston
4%
V 14.852 Verwood
0%
No matching quizzes found
Score Distribution
Percent of People with Each Score
Percentile by Number Answered
Your Score History
You have not taken this quiz